|
|
|
|
| LEADER |
00814nam a22002057a 4500 |
| 008 |
200318b xxu||||| |||| 00| 0 eng d |
| 999 |
|
|
|c 28674
|d 28674
|
| 020 |
|
|
|a 9788189415198
|
| 082 |
|
|
|a 894.11
|b GOP
|
| 100 |
|
|
|a ഗോപിനാഥ്, വിപിന്
|
| 240 |
|
|
|a Poomaram peyyumpol
|
| 245 |
|
|
|a പൂമരം പെയ്യുമ്പോള് /
|c വിപിന് ഗോപിനാഥ്
|
| 250 |
|
|
|a 1st ed.
|
| 260 |
|
|
|a ആലപ്പുഴ :
|b ഉണ്മ പബ്ലിക്കേഷന്സ്,
|c 2018.
|
| 300 |
|
|
|a 96p.
|
| 650 |
|
|
|a Poems
|
| 650 |
|
|
|a കവിതകള്
|
| 700 |
|
|
|a Gopinath, Vipin
|
| 942 |
|
|
|2 ddc
|c BK
|
| 952 |
|
|
|0 0
|1 0
|2 ddc
|4 0
|6 894_110000000000000_GOP
|7 0
|9 39474
|a MAIN
|b MAIN
|d 2020-03-18
|e Gift
|g 110.00
|o 894.11 GOP
|p 37531
|r 2020-03-18
|t 1
|w 2020-03-18
|y BK
|